000 00215 a2200097 4500
001 17604
100 _aMises R V
245 _aAdvances in applied mechanics
260 _a
_bAcademic Press
_c
090 _c12995
_d12995
942 _aNUST-CAE
_cM
_c3330
999 _c252677
_d252677